World Leaders: Multiple Choice III Quiz Stats

 Plays Quiz Updated Jul 9, 2017

Support Sporcle.
Go Orange.
Score 0/20 Timer 04:00
0 Plays Today
Question Answer Wrong Answers
Margaret Thatcher United Kingdom
98.4%
United States
0.6%
Brazil
0.4%
Italy
0.4%
Thomas Jefferson United States
97%
United Kingdom
1.1%
Canada
0.4%
Ireland
0.3%
Cleopatra Egypt
95.5%
Ottoman Empire
0.5%
Turkey
0.2%
Roman Empire
2%
Angela Merkel Germany
95.4%
France
1.2%
Switzerland
1.4%
Vanuatu
0.5%
Henry III England
95.1%
Norway
0.5%
Scotland
1.4%
Spain
1%
Nero Roman Empire
94.7%
France
1%
Vatican City
1.1%
Monaco
1.2%
Genghis Khan Mongol Empire
94.7%
Saudi Arabia
0.8%
Qing Dynasty
2.1%
Japan
0.4%
Vladimir Putin Russia
93.6%
Soviet Union
5.9%
Finland
0%
Czechoslovakia
0.1%
Suleiman I Ottoman Empire
90.9%
China
2%
Holy Roman Empire
3.4%
Denmark
1.3%
Moctezuma II Aztec Empire
84.1%
Austria-Hungary
3.9%
Morocco
5.5%
Ottoman Empire
2.1%
Hugo Chávez Venezuela
72.5%
Bolivia
8.3%
Cuba
6.8%
Mexico
10.1%
Rodrigo Duterte Philippines
63.3%
Mexico
20.2%
Spain
10.3%
Morocco
3.2%
Gustav II Adolf Sweden
63.2%
Germany
30.3%
Italy
1.6%
Russia
2.2%
Frederick the Great Prussia
60.8%
Russia
19.9%
Germany
13%
Greece
2.5%
Meiji Japan
60.3%
Korea
16.5%
Mongolia
13.6%
Mongol Empire
5.9%
Tang Taizong China
60.2%
Japan
6.3%
Korea
13.2%
Bhutan
17.4%
Erik I, the Evergood Denmark
57%
Iceland
30.1%
Netherlands
7.7%
Russia
1.5%
Joseph II Holy Roman Empire
56.4%
Byzantine Empire
31%
Ottoman Empire
6.7%
Incan Empire
2.5%
William Hall-Jones New Zealand
46.9%
Australia
41.9%
Indonesia
1.9%
Fiji
5.1%
Francis I France
41.9%
England
7.5%
Spain
42.9%
Ukraine
3.5%

You're not logged in!

Compare scores with friends on all Sporcle quizzes.
OR
Log In
Forgot?

From the Vault

Multiple Bands II

by Kicking222

Apparently some performers are more restless than others.
Remove Ads.
Support Sporcle.
Get the best of Sporcle when you Go Orange. This ad-free experience offers more features, more stats, and more fun while also helping to support Sporcle. Thank you for becoming a member.

Show Comments

Extras

Top Quizzes Today


Score Distribution

Your Account Isn't Verified!

In order to create a playlist on Sporcle, you need to verify the email address you used during registration. Go to your Sporcle Settings to finish the process.

Report this User

Report this user for behavior that violates our Community Guidelines.

Details: